Prosecution of Felony Arrests, 1982: St. Louis

This data collection provides statistical information on how prosecutors and the courts disposed of criminal cases involving adults arrested for felony crimes in an individual urban jurisdiction, St. Louis. The cases in the data file represent cases initiated in 1982, defined as screened, or filed i...

Full description

Saved in:  
Bibliographic Details
Corporate Author: Abt Associates. VerfasserIn (Author)
Format: Electronic Research Data
Language:English
Published: [Erscheinungsort nicht ermittelbar] [Verlag nicht ermittelbar] 1988
In:Year: 1988
Online Access: Volltext (kostenfrei)
Check availability: HBZ Gateway
Keywords:

MARC

LEADER 00000cam a22000002c 4500
001 1840068906
003 DE-627
005 20250702091839.0
007 cr uuu---uuuuu
008 230324s1988 xx |||||o 00| ||eng c
024 7 |a 10.3886/ICPSR08705.v1  |2 doi 
035 |a (DE-627)1840068906 
035 |a (DE-599)KXP1840068906 
040 |a DE-627  |b ger  |c DE-627  |e rda 
041 |a eng 
084 |a 2,1  |2 ssgn 
110 2 |a Abt Associates  |e VerfasserIn  |4 aut 
245 1 0 |a Prosecution of Felony Arrests, 1982: St. Louis 
264 1 |a [Erscheinungsort nicht ermittelbar]  |b [Verlag nicht ermittelbar]  |c 1988 
336 |a Text  |b txt  |2 rdacontent 
337 |a Computermedien  |b c  |2 rdamedia 
338 |a Online-Ressource  |b cr  |2 rdacarrier 
520 |a This data collection provides statistical information on how prosecutors and the courts disposed of criminal cases involving adults arrested for felony crimes in an individual urban jurisdiction, St. Louis. The cases in the data file represent cases initiated in 1982, defined as screened, or filed in 1982. The collection includes disposition data on felonies for which an initial court charge was filed (cases filed) and for those felony arrests that were ultimately indicted or bound over to the felony court for disposition (cases indicted). It does not include information on all felony arrests declined for prosecution. It is, with a few exceptions, extracted from the defendant, case, charge and sentence records. 
540 |a ICPSR Terms of Use 
650 4 |a Arrests 
650 4 |a court cases 
650 4 |a court system 
650 4 |a CRIMINAL justice system 
650 4 |a Defendants 
650 4 |a prosecuting attorneys 
650 4 |a Sentencing 
655 7 |a Forschungsdaten  |0 (DE-588)1098579690  |0 (DE-627)857755366  |0 (DE-576)469182156  |2 gnd-content 
787 0 8 |i Forschungsdaten zu  |a Brosi, Kathleen B.  |t A Cross-City Comparison of Felony Case Processing  |d [Erscheinungsort nicht ermittelbar] : United States Department of Justice, National Criminal Justice Information and Statistics Service, 1979  |w (DE-627)1912503085 
787 0 8 |i Forschungsdaten zu  |a Cross, Theodore P., 1956 -   |t Prosecution of child abuse: A meta-analysis of rates of criminal justice decisions  |d 2003  |w (DE-627)1912667606 
787 0 8 |i Forschungsdaten zu  |a Boland, Barbara  |t The Prosecution of Felony Arrests, 1980  |d [Erscheinungsort nicht ermittelbar] : United States Department of Justice, Bureau of Justice Statistics, 1985  |w (DE-627)1912667673 
787 0 8 |i Forschungsdaten zu  |a Boland, Barbara  |t The Prosecution of Felony Arrests, 1981  |d [Erscheinungsort nicht ermittelbar] : United States Department of Justice, Bureau of Justice Statistics, 1986  |w (DE-627)1912667681 
787 0 8 |i Forschungsdaten zu  |a Boland, Barbara  |t The Prosecution of Felony Arrests, 1982  |d [Erscheinungsort nicht ermittelbar] : United States Department of Justice, Bureau of Justice Statistics, 1987  |w (DE-627)191266769X 
787 0 8 |i Forschungsdaten zu  |a Boland, Barbara  |t Prosecutors don't always aim to please  |d 1985  |w (DE-627)1912667940 
856 4 0 |u https://doi.org/10.3886/ICPSR08705.v1  |x Resolving-System  |z kostenfrei  |3 Volltext  |7 0 
935 |a mkri 
951 |a BO 
ELC |a 1 
LOK |0 000 xxxxxcx a22 zn 4500 
LOK |0 001 4296816772 
LOK |0 003 DE-627 
LOK |0 004 1840068906 
LOK |0 005 20230324125346 
LOK |0 008 230324||||||||||||||||ger||||||| 
LOK |0 035   |a (DE-2619)ICPSR8705 
LOK |0 040   |a DE-2619  |c DE-627  |d DE-2619 
LOK |0 092   |o n 
LOK |0 852   |a DE-2619 
LOK |0 852 1  |9 00 
LOK |0 935   |a foda  |a nacj 
LOK |0 939   |a 24-03-23  |b l01 
OAS |a 1 
ORI |a SA-MARC-krimdoka001.raw